| 000 | 00489nam a2200157Ia 4500 | ||
|---|---|---|---|
| 999 |
_c198 _d198 |
||
| 003 | OSt | ||
| 005 | 20201223155121.0 | ||
| 008 | 190216s9999||||xx |||||||||||||| ||und|| | ||
| 040 | _coclc | ||
| 082 |
_a297.1246 _bIBN/S |
||
| 100 |
_aIbn Majah, MuḼammad Ibn Yazid _97834 |
||
| 245 | 0 |
_aSunanu Ibnu Majah / _cMuḼammad Ibn Yazid Ibn Majah |
|
| 260 | _bSahithya Pravarthaka Sahakarana Sangam, | ||
| 650 | _aArabic | ||
| 942 |
_cBK _2ddc _h297.1246 _iIBN/S _k297.1246 _mIBN/S |
||